[Event "FIN-chT 2324"]
[Site "Finland"]
[Date "2024.01.14"]
[Round "9.3"]
[White "Kekki, Petri"]
[Black "Nivala, Tuomas"]
[Result "1/2-1/2"]
[WhiteElo "2291"]
[BlackElo "2249"]
[PlyCount "41"]
[EventDate "2023.09.23"]
[EventType "team-tourn"]
[EventRounds "11"]
[EventCountry "FIN"]
[SourceTitle "EXT 2025"]
[Source "ChessBase"]
[SourceDate "2024.10.14"]
[SourceVersion "1"]
[SourceVersionDate "2024.10.14"]
[SourceQuality "1"]
[WhiteTeam "Espoo MatSK"]
[BlackTeam "Jyvaskyla JyS"]
[WhiteTeamCountry "FIN"]
[BlackTeamCountry "FIN"]

1. d4 Nf6 2. Nf3 e6 3. e3 b6 4. Bd3 Bb7 5. 0-0 c5 6. c4 cxd4 7. exd4 d6 8. Nc3 Be7 9. d5 e5 10. Qc2 0-0 11. Ng5 h6 12. Nge4 Nxe4 13. Bxe4 Bc8 14. Bh7+ Kh8 15. Bf5 Bxf5 16. Qxf5 Qd7 17. Qh5 f5 18. Bxh6 gxh6 19. Qxh6+ Kg8 20. Qg6+ Kh8 21. Qh6+ 1/2-1/2

[Event "FIN-chT 2324"]
[Site "Finland"]
[Date "2024.01.13"]
[Round "7.6"]
[White "Kekki, Petri"]
[Black "Henttinen, Markku IO"]
[Result "0-1"]
[WhiteElo "2291"]
[BlackElo "2250"]
[PlyCount "92"]
[EventDate "2023.09.23"]
[EventType "team-tourn"]
[EventRounds "11"]
[EventCountry "FIN"]
[SourceTitle "EXT 2025"]
[Source "ChessBase"]
[SourceDate "2024.10.14"]
[SourceVersion "1"]
[SourceVersionDate "2024.10.14"]
[SourceQuality "1"]
[WhiteTeam "Espoo MatSK"]
[BlackTeam "Helsinki HSC"]
[WhiteTeamCountry "FIN"]
[BlackTeamCountry "FIN"]

1. d4 Nf6 2. Nf3 e6 3. e3 c5 4. Bd3 d5 5. b3 Nc6 6. 0-0 Bd6 7. c4 b6 8. cxd5 exd5 9. Bb2 0-0 10. Nbd2 Nb4 11. Be2 Bf5 12. Ne5 cxd4 13. exd4 Rc8 14. a3 Nc2 15. Ra2 Qe7 16. Nb1 Nxd4 17. Qxd4 Rc2 18. Bd1 Bxe5 19. Qe3 Rxb2 20. Rxb2 Qc7 21. Re2 Bxh2+ 22. Kh1 Bf4 23. Qd4 Bxb1 24. Rfe1 Bd6 25. Qb2 Bf5 26. Rd2 Bf4 27. Rde2 Qd6 28. Kg1 d4 29. g3 Bh6 30. Re5 Be6 31. f4 g6 32. Qg2 Nd7 33. R5e2 Bd5 34. Qh3 Bg7 35. f5 Ne5 36. Rh2 h6 37. Rf1 gxf5 38. Qxf5 d3 39. Qf4 Qxa3 40. Rh5 Qb2 41. Rh2 Qc3 42. g4 Ng6 43. Qf5 Bd4+ 44. Rhf2 Bxf2+ 45. Kxf2 Qd2+ 46. Kg3 Qg2# 0-1

[Event "FIN-chT 2324"]
[Site "Finland"]
[Date "2023.10.22"]
[Round "4.5"]
[White "Wallin, Aleksi"]
[Black "Kekki, Petri"]
[Result "0-1"]
[WhiteElo "2184"]
[BlackElo "2291"]
[PlyCount "88"]
[EventDate "2023.09.23"]
[EventType "team-tourn"]
[EventRounds "11"]
[EventCountry "FIN"]
[SourceTitle "EXT 2025"]
[Source "ChessBase"]
[SourceDate "2024.10.14"]
[SourceVersion "1"]
[SourceVersionDate "2024.10.14"]
[SourceQuality "1"]
[WhiteTeam "Raahe Li"]
[BlackTeam "Espoo MatSK"]
[WhiteTeamCountry "FIN"]
[BlackTeamCountry "FIN"]

1. d4 d5 2. Nf3 a6 3. e3 Bg4 4. Nbd2 e6 5. h3 Bh5 6. g4 Bg6 7. Ne5 Nd7 8. Nxg6 hxg6 9. Bg2 Ngf6 10. c4 c6 11. Qb3 Qc7 12. g5 Ng8 13. e4 dxe4 14. Nxe4 Ne7 15. Qxb7 Qxb7 16. Nd6+ Kd8 17. Nxb7+ Kc7 18. Na5 Rh4 19. Be3 e5 20. d5 Nf5 21. Nxc6 Nxe3 22. fxe3 Bc5 23. Kd2 Rah8 24. b4 Bf8 25. c5 e4 26. Kc3 R8h5 27. Bf1 Rxg5 28. Kd4 Rhh5 29. Bc4 Nf6 30. h4 Rxd5+ 31. Bxd5 Rxd5+ 32. Kc4 Kxc6 33. Rad1 Ng4 34. Rxd5 Nxe3+ 35. Kd4 Nxd5 36. a3 e3 37. h5 gxh5 38. Rxh5 g6 39. Rh1 Bg7+ 40. Kc4 Bc3 41. Kd3 Bb2 42. Rh7 Bxa3 43. Rxf7 Bxb4 44. Ra7 Nc7 0-1

[Event "FIN-chT 2223"]
[Site "Finland"]
[Date "2022.11.12"]
[Round "6.5"]
[White "Kekki, Petri"]
[Black "Paasikangas Tella, Johanna"]
[Result "1-0"]
[WhiteElo "2304"]
[BlackElo "2089"]
[PlyCount "69"]
[EventDate "2022.09.24"]
[EventType "team-tourn"]
[EventRounds "11"]
[EventCountry "FIN"]
[SourceTitle "EXT 2024"]
[Source "ChessBase"]
[SourceDate "2023.10.10"]
[SourceVersion "1"]
[SourceVersionDate "2023.10.10"]
[SourceQuality "1"]
[WhiteTeam "Espoo MatSK"]
[BlackTeam "Vantaa EtVaS"]
[WhiteTeamCountry "FIN"]
[BlackTeamCountry "FIN"]

1. d4 Nf6 2. Nf3 g6 3. g3 Bg7 4. Bg2 0-0 5. 0-0 d6 6. Nc3 Nc6 7. e4 Ne8 8. h3 e5 9. dxe5 dxe5 10. Bg5 f6 11. Be3 Be6 12. Nd5 Rf7 13. c4 Na5 14. Nd2 c6 15. b4 cxd5 16. cxd5 Bd7 17. bxa5 Qxa5 18. Nc4 Qa6 19. Nb2 Bf8 20. Qb3 b6 21. Rfc1 Rb8 22. a4 Bd6 23. Nc4 Bc7 24. Bf1 Qb7 25. a5 Kg7 26. axb6 axb6 27. Qb4 Bd8 28. Rcb1 Qc8 29. Ra7 Bxh3 30. Bh6+ Kxh6 31. Rxf7 Bxf1 32. Rxf1 Qc5 33. Qxc5 bxc5 34. Kg2 Nc7 35. f4 1-0

[Event "FIN-chT 2223"]
[Site "Finland"]
[Date "2022.09.25"]
[Round "2.5"]
[White "Galchenko, Vadim"]
[Black "Kekki, Petri"]
[Result "1/2-1/2"]
[WhiteElo "2141"]
[BlackElo "2304"]
[PlyCount "109"]
[EventDate "2022.09.24"]
[EventType "team-tourn"]
[EventRounds "11"]
[EventCountry "FIN"]
[SourceTitle "CBM 210 Extra"]
[Source "ChessBase"]
[SourceDate "2022.11.30"]
[SourceVersion "1"]
[SourceVersionDate "2022.11.30"]
[SourceQuality "1"]
[WhiteTeam "Jyvaskyla JyS"]
[BlackTeam "Espoo MatSK"]
[WhiteTeamCountry "FIN"]
[BlackTeamCountry "FIN"]

1. Nf3 d5 2. e3 Nf6 3. c4 e6 4. b3 Bd6 5. Bb2 Nbd7 6. Nc3 0-0 7. Qc2 c6 8. Rg1 e5 9. cxd5 cxd5 10. Nb5 Bb8 11. Rc1 e4 12. Nfd4 Bxh2 13. Rh1 Ng4 14. Nc7 Bxc7 15. Qxc7 Qxc7 16. Rxc7 g6 17. Bb5 Ngf6 18. f4 a6 19. Be2 Rd8 20. Kf2 Ne8 21. Rcc1 Nf8 22. g4 Bd7 23. Rh4 Rdc8 24. Rch1 Nc7 25. Bd1 Nce6 26. Ne2 Bb5 27. f5 Nc5 28. Bd4 Nd3+ 29. Kg2 Bd7 30. Nc3 Bc6 31. Be2 Re8 32. Bxd3 exd3 33. Nd1 a5 34. Nf2 Bd7 35. Nxd3 gxf5 36. Nf4 fxg4 37. Nh5 Ra6 38. Nf6+ Rxf6 39. Bxf6 Bf5 40. Kg3 Rc8 41. Bc3 b6 42. Rf1 Be6 43. Rf6 Ng6 44. Rh5 Ra8 45. a4 Rc8 46. Rh1 Rc7 47. Rh5 Rc6 48. Rh1 Rc7 49. Rh5 Rb7 50. Rh1 Nf8 51. Rh5 Rc7 52. Rh1 Rb7 53. Rh5 Nd7 54. Rfh6 Nf8 55. Rf6 1/2-1/2

[Event "FIN-chT 1920"]
[Site "Finland"]
[Date "2019.09.15"]
[Round "2.4"]
[White "Pollari, Pasi"]
[Black "Kekki, Petri"]
[Result "0-1"]
[WhiteElo "2153"]
[BlackElo "2295"]
[PlyCount "82"]
[EventDate "2019.09.14"]
[EventType "team-tourn"]
[EventRounds "11"]
[EventCountry "FIN"]
[SourceTitle "EXT 2020"]
[Source "ChessBase"]
[SourceDate "2019.10.17"]
[SourceVersion "1"]
[SourceVersionDate "2019.10.17"]
[SourceQuality "1"]
[WhiteTeam "Helsinki HSK"]
[BlackTeam "Espoo MatSK"]
[WhiteTeamCountry "FIN"]
[BlackTeamCountry "FIN"]

1. e4 e6 2. Nf3 d5 3. exd5 exd5 4. c4 Nf6 5. cxd5 Nxd5 6. Nc3 Nc6 7. d4 Bf5 8. Bc4 Qe7+ 9. Be2 Ndb4 10. 0-0 0-0-0 11. Re1 Qd7 12. d5 Nxd5 13. Nxd5 Qxd5 14. Qxd5 Rxd5 15. Bc4 Rd8 16. Bxf7 Bb4 17. Rf1 Rhf8 18. Bc4 Nd4 19. Nxd4 Rxd4 20. Be2 Bd2 21. Rd1 Rfd8 22. Kf1 Bxc1 23. Rdxc1 Rd2 24. Rc5 g6 25. g4 Be4 26. Rac1 c6 27. f3 Bd5 28. R1c2 Rxc2 29. Rxc2 Bxa2 30. Kf2 a5 31. Ke3 Kc7 32. h4 a4 33. g5 Bb3 34. Rc3 Re8+ 35. Kf2 Kd6 36. f4 Re4 37. Rf3 Bd5 38. Bd3 Rb4 39. h5 Rxb2+ 40. Kg3 Bxf3 41. hxg6 hxg6 0-1

[Event "FIN-chT 1819"]
[Site "Finland"]
[Date "2018.11.11"]
[Round "4.4"]
[White "Kekki, Petri"]
[Black "Koskinen, Henri"]
[Result "1/2-1/2"]
[WhiteElo "2306"]
[BlackElo "2247"]
[PlyCount "45"]
[EventDate "2018.09.15"]
[EventType "team-tourn"]
[EventRounds "11"]
[EventCountry "FIN"]
[SourceTitle "CBM 187 Extra"]
[Source "ChessBase"]
[SourceDate "2018.11.04"]
[SourceVersion "1"]
[SourceVersionDate "2018.11.04"]
[SourceQuality "1"]
[WhiteTeam "Espoo MatSK"]
[BlackTeam "Vantaa EtVaS"]
[WhiteTeamCountry "FIN"]
[BlackTeamCountry "FIN"]

1. d4 d5 2. Nf3 Nf6 3. g3 Bf5 4. Bg2 h6 5. 0-0 e6 6. c4 c6 7. Nc3 Nbd7 8. c5 Ne4 9. Nxe4 Bxe4 10. Bf4 Be7 11. b4 0-0 12. Qb3 Bf6 13. Rad1 a6 14. Bh3 Re8 15. Rfe1 Bh7 16. Bd6 Nb6 17. Be5 Nd7 18. Qc3 Be4 19. Bf4 Bh7 20. Qb3 Be4 21. Qc3 Bh7 22. Qb3 Be4 23. Qc3 1/2-1/2

[Event "Tampere We TammerSh A"]
[Site "Tampere"]
[Date "2018.03.31"]
[Round "2"]
[White "Kekki, Petri"]
[Black "Jarvenpaa, Jari"]
[Result "0-1"]
[WhiteElo "2307"]
[BlackElo "2315"]
[PlyCount "92"]
[EventDate "2018.03.31"]
[EventType "swiss"]
[EventRounds "4"]
[EventCountry "FIN"]
[SourceTitle "EXT 2022"]
[Source "ChessBase"]
[SourceDate "2021.10.06"]
[SourceVersion "1"]
[SourceVersionDate "2021.10.06"]
[SourceQuality "1"]

1. d4 d5 2. Nf3 Nf6 3. Bg5 e6 4. e3 c5 5. Nbd2 Qb6 6. Rb1 Qa5 7. dxc5 Bxc5 8. c3 Be7 9. Bd3 Nc6 10. b4 Qc7 11. 0-0 0-0 12. Qe2 Bd7 13. b5 Ne5 14. Nxe5 Qxe5 15. Nf3 Qxc3 16. Rfc1 Qa5 17. Ne5 Qd8 18. Qc2 h6 19. Bf4 Ba3 20. Rd1 Nh5 21. Nxd7 Qxd7 22. Be5 f5 23. e4 fxe4 24. Bxe4 Bd6 25. Qb2 Bc5 26. Bf3 Rf5 27. Rbc1 Bb6 28. Bd4 Nf4 29. a4 Raf8 30. Rc2 Qf7 31. Bxb6 axb6 32. Rf1 Nh3+ 33. Kh1 Rxf3 34. gxh3 Rxh3 35. f4 Qf5 36. Rg2 Rf7 37. Qd4 e5 38. Qxd5 exf4 39. Qd8+ Kh7 40. Qxb6 Qe4 41. Qd6 Rd3 42. Qc5 Rd2 43. Qg1 Rc7 44. Re1 Qd5 45. Re5 Qf3 46. Qb1+ Rcc2 0-1

[Event "FIN-chT 1718"]
[Site "Finland"]
[Date "2018.03.11"]
[Round "11.4"]
[White "Suomalainen, Erkki"]
[Black "Kekki, Petri"]
[Result "1/2-1/2"]
[WhiteElo "2161"]
[BlackElo "2350"]
[PlyCount "138"]
[EventDate "2017.09.16"]
[EventType "team-tourn"]
[EventRounds "11"]
[EventCountry "FIN"]
[SourceTitle "EXT 2019"]
[Source "ChessBase"]
[SourceDate "2018.10.10"]
[SourceVersion "1"]
[SourceVersionDate "2018.10.10"]
[SourceQuality "1"]
[WhiteTeam "Helsinki HSK"]
[BlackTeam "Espoo MatSK"]
[WhiteTeamCountry "FIN"]
[BlackTeamCountry "FIN"]

1. d4 d5 2. c4 e6 3. Nc3 Nf6 4. Nf3 c6 5. e3 Nbd7 6. Bd3 dxc4 7. Bxc4 b5 8. Bd3 Bb7 9. 0-0 a6 10. b3 Bd6 11. Bb2 0-0 12. Qe2 Re8 13. Ne4 Nxe4 14. Bxe4 Qe7 15. Rac1 Rac8 16. Rfd1 g6 17. Rd2 Rc7 18. Bb1 Qf8 19. Bc3 Qh6 20. h3 Qf8 21. Rcd1 Qe7 22. Bb2 a5 23. Rc1 b4 24. Bd3 Ra8 25. Rdc2 c5 26. Bb5 Nb6 27. dxc5 Rxc5 28. Rxc5 Bxc5 29. Ba1 Nd5 30. Bc4 Rf8 31. Ne1 Bd6 32. Nf3 Bb8 33. Qd1 Ba7 34. Qd3 h6 35. Qd2 Kh7 36. Be5 Rd8 37. Qb2 Rd7 38. Bb5 Rd8 39. Bc4 Rc8 40. Rd1 f5 41. Qd2 Bb6 42. Qe2 Rd8 43. Rc1 Nf6 44. Rd1 Ne4 45. Rxd8 Bxd8 46. Qd3 Bb6 47. Nd2 h5 48. Nxe4 Bxe4 49. Qd6 Qxd6 50. Bxd6 Bb1 51. a3 bxa3 52. Bxa3 Ba2 53. Bxe6 a4 54. Kf1 Bxb3 55. Bxb3 axb3 56. Bb2 g5 57. Ke2 Kg6 58. f3 g4 59. f4 Kf7 60. Kd3 Ke6 61. e4 fxe4+ 62. Kxe4 Bd8 63. hxg4 hxg4 64. f5+ Kf7 65. Kf4 Bf6 66. Ba3 Bc3 67. Kxg4 Kf6 68. Kf4 Kf7 69. g4 b2 1/2-1/2

[Event "Heinola 100 ottelu Vierumaki"]
[Site "Heinola"]
[Date "2017.11.17"]
[Round "1"]
[White "Feher, Gyula"]
[Black "Kekki, Petri"]
[Result "1-0"]
[WhiteElo "2341"]
[BlackElo "2338"]
[PlyCount "39"]
[EventDate "2017.11.17"]
[EventType "swiss"]
[EventRounds "3"]
[EventCountry "FIN"]
[SourceTitle "EXT 2022"]
[Source "ChessBase"]
[SourceDate "2021.10.06"]
[SourceVersion "1"]
[SourceVersionDate "2021.10.06"]
[SourceQuality "1"]

1. e4 e6 2. d4 d5 3. Nd2 dxe4 4. Nxe4 Nd7 5. Nf3 Be7 6. Bd3 Ngf6 7. Nxf6+ Nxf6 8. 0-0 0-0 9. Ne5 c5 10. dxc5 Qd5 11. Qe2 Bxc5 12. Bg5 Nd7 13. Nf3 h6 14. c4 Qc6 15. Bd2 a5 16. Rad1 Re8 17. Bc3 Ra6 18. Nd4 Bxd4 19. Bxd4 Nc5 20. Qe5 1-0

[Event "FIN-chT 1617"]
[Site "Finland"]
[Date "2017.03.11"]
[Round "10.6"]
[White "Koskinen, Erkki"]
[Black "Kekki, Petri"]
[Result "0-1"]
[WhiteElo "1912"]
[BlackElo "2346"]
[PlyCount "58"]
[EventDate "2016.09.17"]
[EventType "team-tourn"]
[EventRounds "11"]
[EventCountry "FIN"]
[SourceTitle "EXT 2018"]
[Source "ChessBase"]
[SourceDate "2017.10.13"]
[SourceVersion "1"]
[SourceVersionDate "2017.10.13"]
[SourceQuality "1"]
[WhiteTeam "Helsinki Garde"]
[BlackTeam "Espoo MatSK"]
[WhiteTeamCountry "FIN"]
[BlackTeamCountry "FIN"]

1. f4 d5 2. Nf3 Bg4 3. e3 Nd7 4. h3 Bf5 5. g4 Be4 6. d3 Bxf3 7. Qxf3 e5 8. Qxd5 Qh4+ 9. Ke2 0-0-0 10. Bg2 c6 11. Qf3 Bc5 12. Bd2 exf4 13. Qxf4 Re8 14. Nc3 Ngf6 15. Ne4 Nxe4 16. Bxe4 Qe7 17. Bc3 f6 18. a3 Bd6 19. Qf3 Kb8 20. b4 Nb6 21. Bd4 Na4 22. Rab1 Be5 23. Kd2 Qd6 24. c3 a6 25. Qd1 Bxd4 26. Qxa4 Bb6 27. Ke2 Qg3 28. Rbe1 Rxe4 29. dxe4 Rd8 0-1

[Event "FIN-ch"]
[Site "Helsinki"]
[Date "2016.05.22"]
[Round "9"]
[White "Ronka, Erik"]
[Black "Kekki, Petri"]
[Result "0-1"]
[WhiteElo "2260"]
[BlackElo "2348"]
[PlyCount "62"]
[EventDate "2016.05.14"]
[EventType "tourn"]
[EventRounds "9"]
[EventCountry "FIN"]
[EventCategory "4"]
[SourceTitle "CBM 172 Extra"]
[Source "ChessBase"]
[SourceDate "2016.06.21"]
[SourceVersion "1"]
[SourceVersionDate "2016.06.21"]
[SourceQuality "1"]

1. d4 d5 2. c4 e6 3. Nc3 Nf6 4. Nf3 Nbd7 5. Bf4 dxc4 6. e3 a6 7. a4 Nb6 8. a5 Nbd5 9. Bxc4 Nxf4 10. exf4 Bd6 11. Ne5 0-0 12. 0-0 Bd7 13. Qb3 Rb8 14. f5 b5 15. Bxe6 Be8 16. f4 fxe6 17. fxe6 Be7 18. Rad1 b4 19. Ne2 Qd5 20. Qh3 Ba4 21. b3 Bxb3 22. Rc1 c5 23. Rf3 Ba2 24. Ng3 Qxd4+ 25. Kh1 Ne4 26. Nf5 Rxf5 27. Nc6 Qd6 28. Qxf5 Qxc6 29. Qf7+ Kh8 30. Qxe7 Qxe6 31. Qa7 Rd8 0-1

[Event "FIN-ch"]
[Site "Helsinki"]
[Date "2016.05.17"]
[Round "4"]
[White "Kekki, Petri"]
[Black "Luukkonen, Tommi"]
[Result "1/2-1/2"]
[WhiteElo "2348"]
[BlackElo "2344"]
[PlyCount "116"]
[EventDate "2016.05.14"]
[EventType "tourn"]
[EventRounds "9"]
[EventCountry "FIN"]
[EventCategory "4"]
[SourceTitle "CBM 172 Extra"]
[Source "ChessBase"]
[SourceDate "2016.06.21"]
[SourceVersion "1"]
[SourceVersionDate "2016.06.21"]
[SourceQuality "1"]

1. d4 g6 2. c4 Nf6 3. h4 c5 4. d5 b5 5. h5 Nxh5 6. cxb5 a6 7. e4 d6 8. Nc3 Bg7 9. bxa6 Nxa6 10. Be2 Nf6 11. Bh6 Bxh6 12. Rxh6 Qb6 13. Qd2 Ng4 14. Bxg4 Bxg4 15. f3 Bd7 16. Nge2 Rb8 17. b3 Nb4 18. Kf2 Kf8 19. Kg3 Kg7 20. Rah1 Ra8 21. Qg5 Nd3 22. Qh4 Rag8 23. Rxh7+ Rxh7 24. Qxh7+ Kf8 25. Qh6+ Ke8 26. Qe3 Ne5 27. Rh7 g5 28. Kh2 f5 29. exf5 Bxf5 30. Rh5 Qb4 31. Kg1 Bd3 32. Qc1 g4 33. f4 Nf3+ 34. Kf2 Nd4 35. Nxd4 g3+ 36. Kf3 Qxd4 37. Qe1 Bf5 38. Rxf5 Qd3+ 39. Qe3 Qxf5 40. Qe4 Qf6 41. Qa4+ Kf8 42. Ne4 Qf5 43. Qc4 Qh5+ 44. Ke3 Qh1 45. Qe2 Qg1+ 46. Kf3 Qd4 47. Qd2 Qb4 48. Qe2 Qd4 49. Qd2 Qa1 50. Ng5 Ke8 51. Kxg3 Kd7 52. Qe2 Qc3+ 53. Kg4 Qf6 54. g3 Kc7 55. a4 Rb8 56. Qa6 Rxb3 57. Qa7+ Rb7 58. Qa5+ Kb8 1/2-1/2

[Event "FIN-ch"]
[Site "Helsinki"]
[Date "2016.05.14"]
[Round "1"]
[White "Maki Uuro, Miika"]
[Black "Kekki, Petri"]
[Result "1/2-1/2"]
[WhiteElo "2345"]
[BlackElo "2348"]
[PlyCount "46"]
[EventDate "2016.05.14"]
[EventType "tourn"]
[EventRounds "9"]
[EventCountry "FIN"]
[EventCategory "4"]
[SourceTitle "CBM 172 Extra"]
[Source "ChessBase"]
[SourceDate "2016.06.21"]
[SourceVersion "1"]
[SourceVersionDate "2016.06.21"]
[SourceQuality "1"]

1. d4 d5 2. c4 e5 3. dxe5 d4 4. Nf3 Nc6 5. a3 Nge7 6. b4 Ng6 7. Bb2 Ngxe5 8. Nxe5 Nxe5 9. e3 Be6 10. Bxd4 Nxc4 11. Qc2 Nd6 12. Bd3 Qg5 13. 0-0 c6 14. f4 Qh6 15. e4 Nb5 16. Bc5 Bxc5+ 17. Qxc5 Qf6 18. Bxb5 Qxa1 19. Bxc6+ bxc6 20. Qxc6+ Ke7 21. Qc5+ Ke8 22. Qc6+ Ke7 23. Qc5+ Ke8 1/2-1/2

[Event "FIN-chT 1516"]
[Site "Finland"]
[Date "2016.02.06"]
[Round "7.5"]
[White "Kosmo, Santul"]
[Black "Kekki, Petri"]
[Result "1/2-1/2"]
[WhiteElo "2221"]
[BlackElo "2339"]
[PlyCount "65"]
[EventDate "2015.09.12"]
[EventType "team-tourn"]
[EventRounds "11"]
[EventCountry "FIN"]
[SourceTitle "CBM 170 Extra"]
[Source "ChessBase"]
[SourceDate "2016.02.25"]
[SourceVersion "1"]
[SourceVersionDate "2016.02.25"]
[SourceQuality "1"]
[WhiteTeam "Helsinki Velhot"]
[BlackTeam "Espoo MatSK"]
[WhiteTeamCountry "FIN"]
[BlackTeamCountry "FIN"]

1. e4 e6 2. d4 d5 3. Nd2 g6 4. Ngf3 Bg7 5. Bd3 Ne7 6. c3 Nd7 7. h4 h6 8. Qe2 c5 9. exd5 exd5 10. dxc5 Nxc5 11. Bb5+ Bd7 12. Nb3 Ne4 13. 0-0 0-0 14. Bxd7 Qxd7 15. Nfd4 Kh7 16. Bf4 Nf5 17. h5 Nxd4 18. Nxd4 g5 19. Bh2 f5 20. Qd3 Qf7 21. Rad1 Rad8 22. Rfe1 g4 23. Ne2 Qxh5 24. Nf4 Qf7 25. Nxd5 Rd7 26. Rxe4 fxe4 27. Nf6+ Qxf6 28. Qxe4+ Kh8 29. Rxd7 Qxf2+ 30. Kh1 Qh4 31. Kg1 Qf2+ 32. Kh1 Qh4 33. Kg1 1/2-1/2

[Event "FIN-chT 1516"]
[Site "Finland"]
[Date "2015.10.11"]
[Round "4.3"]
[White "Westerinen, Heikki MJ"]
[Black "Kekki, Petri"]
[Result "1/2-1/2"]
[WhiteElo "2316"]
[BlackElo "2339"]
[PlyCount "170"]
[EventDate "2015.09.12"]
[EventType "team-tourn"]
[EventRounds "11"]
[EventCountry "FIN"]
[SourceTitle "EXT 2017"]
[Source "ChessBase"]
[SourceDate "2016.10.25"]
[SourceVersion "1"]
[SourceVersionDate "2016.10.25"]
[SourceQuality "1"]
[WhiteTeam "Salo SalSK"]
[BlackTeam "Espoo MatSK"]
[WhiteTeamCountry "FIN"]
[BlackTeamCountry "FIN"]

1. e4 e6 2. d4 d5 3. Nd2 f5 4. exf5 exf5 5. Nh3 Nf6 6. Bd3 Bd6 7. Qe2+ Ne4 8. 0-0 0-0 9. f3 Nxd2 10. Bxd2 f4 11. Rae1 Nc6 12. c3 Qh4 13. Nf2 Bd7 14. Bb1 Ne7 15. Nd3 Nf5 16. Qf2 Qh6 17. Re2 Bb5 18. Rfe1 Rf6 19. Ne5 Qg5 20. Bd3 Bxd3 21. Nxd3 Raf8 22. Re5 Bxe5 23. dxe5 Rb6 24. Bxf4 Qg6 25. Nc5 Re8 26. Qd2 Qc6 27. b4 a5 28. a3 axb4 29. axb4 Rb5 30. Qd3 Ne7 31. e6 Ng6 32. Bg3 Rxc5 33. bxc5 Qxc5+ 34. Qd4 Qxd4+ 35. cxd4 c6 36. Bd6 Nf8 37. e7 Nd7 38. Rb1 b6 39. Rc1 c5 40. dxc5 bxc5 41. Bxc5 Nxc5 42. Rxc5 Rxe7 43. Rxd5 Re2 44. Rd7 Ra2 45. h3 h6 46. Kh2 Kh7 47. h4 Kg6 48. h5+ Kf6 49. Kh3 Ra6 50. Kg4 Ra4+ 51. f4 Ra6 52. Kf3 Ra3+ 53. Kg4 Ra6 54. Rd3 Rb6 55. Kf3 Ra6 56. g4 Rb6 57. Kg3 Ra6 58. Rb3 Rc6 59. Kh4 Ra6 60. Rb5 Ra4 61. Rf5+ Ke6 62. Re5+ Kf6 63. Kg3 Ra3+ 64. Kf2 Ra2+ 65. Kf3 Ra3+ 66. Re3 Ra6 67. Rd3 Rb6 68. Ke4 Ra6 69. Rd4 Re6+ 70. Kf3 Ra6 71. Rc4 Rb6 72. Ra4 Rc6 73. Ra5 Rc3+ 74. Ke4 Rc4+ 75. Ke3 Rc3+ 76. Kd4 Rg3 77. Ra6+ Kf7 78. Rg6 Ra3 79. Ke4 Ra4+ 80. Kf3 Ra3+ 81. Kf2 Ra2+ 82. Kg3 Ra3+ 83. Kh4 Rf3 84. f5 Kf8 85. Ra6 Kf7 1/2-1/2

[Event "FIN-chT 1415"]
[Site "Finland"]
[Date "2015.03.13"]
[Round "9.5"]
[White "Nevanlinna, Risto"]
[Black "Kekki, Petri"]
[Result "0-1"]
[WhiteElo "2206"]
[BlackElo "2347"]
[PlyCount "90"]
[EventDate "2014.09.27"]
[EventType "team-tourn"]
[EventRounds "11"]
[EventCountry "FIN"]
[SourceTitle "EXT 2016"]
[Source "ChessBase"]
[SourceDate "2015.10.08"]
[SourceVersion "1"]
[SourceVersionDate "2015.10.08"]
[SourceQuality "1"]
[WhiteTeam "Jyvaskyla JyS"]
[BlackTeam "Espoo MatSK"]
[WhiteTeamCountry "FIN"]
[BlackTeamCountry "FIN"]

1. c4 e6 2. Nf3 d5 3. d4 c6 4. e3 Nf6 5. b3 Nbd7 6. Bb2 Bd6 7. Bd3 0-0 8. Qc2 h6 9. Nbd2 Qe7 10. Ne5 Rd8 11. 0-0 Nf8 12. Rae1 Bd7 13. e4 dxe4 14. Nxe4 Nxe4 15. Bxe4 Be8 16. f4 Qc7 17. c5 Be7 18. f5 exf5 19. Bxf5 Bf6 20. Qc4 b5 21. cxb6 axb6 22. Bb1 Qd6 23. Kh1 Ra7 24. a4 b5 25. axb5 cxb5 26. Qe2 Re7 27. Qf3 Ne6 28. Qf5 Nf8 29. h3 Bh4 30. Re4 Bg5 31. h4 Bf6 32. Bc1 Re6 33. Rfe1 Qe7 34. h5 Rd5 35. Bb2 Bh4 36. Rf1 Rf6 37. Ng6 Rfxf5 38. Nxe7+ Bxe7 39. Rxf5 Rxf5 40. Re1 Rxh5+ 41. Kg1 Ne6 42. g4 Rd5 43. Be4 Rd8 44. d5 Bc5+ 45. Kg2 Ng5 0-1

[Event "FIN-chT 1415"]
[Site "Finland"]
[Date "2014.10.19"]
[Round "4.2"]
[White "Kolosowski, Mateusz"]
[Black "Kekki, Petri"]
[Result "1-0"]
[WhiteElo "2469"]
[BlackElo "2347"]
[PlyCount "69"]
[EventDate "2014.09.27"]
[EventType "team-tourn"]
[EventRounds "11"]
[EventCountry "FIN"]
[SourceTitle "EXT 2016"]
[Source "ChessBase"]
[SourceDate "2015.10.08"]
[SourceVersion "1"]
[SourceVersionDate "2015.10.08"]
[SourceQuality "1"]
[WhiteTeam "Turku TuTS"]
[BlackTeam "Espoo MatSK"]
[WhiteTeamCountry "FIN"]
[BlackTeamCountry "FIN"]

1. d4 d5 2. c4 c6 3. Nf3 Nf6 4. e3 e6 5. b3 Nbd7 6. Bb2 Bd6 7. Bd3 Qe7 8. Ne5 0-0 9. 0-0 Ne8 10. Nd2 f5 11. Qe2 a5 12. a4 Nxe5 13. dxe5 Bb4 14. f3 Nc7 15. e4 Bc5+ 16. Kh1 f4 17. cxd5 exd5 18. exd5 cxd5 19. Rac1 Ne6 20. Nb1 b6 21. Nc3 Bb7 22. Nb5 Be3 23. Rcd1 Nc5 24. Nd6 Nxd3 25. Qxd3 Rfd8 26. Nxb7 Qxb7 27. Bd4 Bxd4 28. Qxd4 Qc7 29. Qxf4 Qc3 30. Rc1 Qd3 31. e6 Rf8 32. Qe5 Rf5 33. Qd6 Qxb3 34. e7 Kf7 35. Qd7 1-0

[Event "FIN-chT 1415"]
[Site "Finland"]
[Date "2014.10.18"]
[Round "3.3"]
[White "Rantanen, Yrjo A"]
[Black "Kekki, Petri"]
[Result "0-1"]
[WhiteElo "2315"]
[BlackElo "2347"]
[PlyCount "80"]
[EventDate "2014.09.27"]
[EventType "team-tourn"]
[EventRounds "11"]
[EventCountry "FIN"]
[SourceTitle "EXT 2016"]
[Source "ChessBase"]
[SourceDate "2015.10.08"]
[SourceVersion "1"]
[SourceVersionDate "2015.10.08"]
[SourceQuality "1"]
[WhiteTeam "Salo SalSK"]
[BlackTeam "Espoo MatSK"]
[WhiteTeamCountry "FIN"]
[BlackTeamCountry "FIN"]

1. e4 e6 2. d4 d5 3. e5 c5 4. c3 Nc6 5. Nf3 Bd7 6. dxc5 Bxc5 7. Bd3 Qc7 8. Bf4 Nge7 9. b4 Bb6 10. 0-0 f5 11. h4 0-0 12. Re1 a6 13. a3 Be8 14. Ng5 Nd8 15. h5 a5 16. b5 a4 17. Ra2 Nc8 18. Kh1 Qe7 19. g3 Bc5 20. Bc1 Nb6 21. f4 Ra5 22. Bd2 Nc4 23. Bxc4 dxc4 24. Be3 Rxb5 25. Bxc5 Rxc5 26. Rd2 Nf7 27. Nxf7 Qxf7 28. h6 gxh6 29. Rd6 Bc6+ 30. Kh2 Rd5 31. Rxd5 Bxd5 32. Nd2 b5 33. Nf3 Qe7 34. Nd4 Qxa3 35. Qd2 b4 36. Nb5 Qb3 37. Re3 Qb1 38. Re1 Qd3 39. Qxd3 cxd3 40. cxb4 Rc8 0-1